|
|
|
|
| LEADER |
00979nam a2200253 a 4500 |
| 001 |
14151703 |
| 008 |
091124s2007 ohua b 001 0 eng d |
| 010 |
|
|
|a 2005936181
|
| 020 |
|
|
|a 0324315023
|
| 020 |
|
|
|a 0324423438 (instructor's ed)
|
| 040 |
|
|
|a DLC
|c DLC
|d DLC
|
| 082 |
0 |
0 |
|a 330
|2 22
|
| 100 |
1 |
|
|a Arnold, Roger A.
|
| 245 |
1 |
0 |
|a Economics /
|c Roger A. Arnold.
|
| 250 |
|
|
|a Concise ed.
|
| 260 |
|
|
|a Mason, OH :
|b Thomson Business and Economics,
|c c2007.
|
| 300 |
|
|
|a xlii, 593 p. :
|b ill. ;
|c 26 cm.
|
| 500 |
|
|
|a Includes passcode to InfoTrac College Edition, the Online Library (www.infotrac-college.com).
|
| 504 |
|
|
|a Includes bibliographical references and index.
|
| 541 |
1 |
|
|e 00017368
|
| 650 |
|
0 |
|a Economics.
|
| 852 |
4 |
|
|a Ayesha Abed Library
|j General Shelf
|
| 999 |
|
|
|c 5888
|d 5888
|
| 952 |
|
|
|0 0
|1 2
|2 ddc
|4 0
|6 330_000000000000000_ARN
|7 0
|9 5872
|a BRACUL
|b BRACUL
|c GEN
|d 2009-12-06
|g 400.00
|l 16
|m 101
|o 330 ARN
|p 3010017368
|q 2018-12-10
|r 2016-08-31
|s 2016-08-31
|t 1
|v 800.00
|w 2009-12-06
|y BK
|